Les pays champions du monde de Football - Statistiques

Statistiques générales
  • Ce quiz a été pris 1 042 fois
  • Le résultat moyen est 8 sur 8
Statistiques - réponses
Hint Réponse % Correct
5 Brésil
100%
2 France
100%
4 Allemagne
99%
3 Argentine
98%
1 Espagne
96%
4 Italie
96%
1 Angleterre
86%
2 Uruguay
86%
Aucun quiz correspondant
Distribution des résultats
% des personnes avec chaque résultat
Percentile par nombre de réponses
Votre historique - résultats
Vous n’avez pas pris ce quiz